| 000 | 00459cam a2200181ua 4500 | ||
|---|---|---|---|
| 001 | 1261 | ||
| 008 | 110622n ii |||gr||||Z||||||eng | ||
| 040 | _cMAIN | ||
| 082 | _a330.954 | ||
| 245 | 1 |
_aIndian economy. : _bits growing dimension. / _cBy P.K Dhar. |
|
| 250 | _a4th. | ||
| 260 |
_aNew Delhi.: _bKalyani publishers., _c2004. |
||
| 300 |
_a1050 p.: _c25 cm. |
||
| 653 | _aEconomics. | ||
| 653 | _aIndian economy. | ||
| 700 | 1 | _aDhar, P K., | |
| 942 | _cBK | ||
| 999 |
_c1164 _d1164 |
||